オモコロのライタークイズ - Statistics

General Stats
  • This quiz has been taken 91 times
    80 since last reset
  • The average score is 26 of 122
Answer Stats
Hint Answer % Correct
暇人ブロガー ARuFa
95%
オモコロ編集長 原宿
91%
憤怒 永田
89%
意外と親しみやすい ダ・ヴィンチ・恐山
84%
ワハハハハ モンゴルナイフ
78%
笑い 飯 みくのしん
77%
はこにわ 雨穴
72%
オモコロブロス編集長 かまど
72%
仰る通り 長島
72%
ごはんと発明 マンスーン
70%
宇宙のステルヴィア ヤスミノ
67%
アレルギー持ち 加藤 亮
67%
水と生きる 電気バチ
64%
全員集合 オモコロ編集部
56%
元ギャル JUNERAY
48%
不安 ギャラクシー
47%
マイク・タイソン 野田せいぞ
47%
45%
↙→↘↓↙←↘+BC 山口むつお
45%
地球防衛軍 ストーム叉焼
44%
ふきだしライター 私野台詞
44%
ずんぐりむっくり かんち
42%
6畳に4人で住んでました。 新玉
38%
貴方の吐き気を応援したい マッハ・キショ松
38%
お嬢様 金輪際 雑魚
34%
綿毛のように 彩雲
33%
たいよう さん さん ! BIGSUN
33%
インターネットの鬼 ヨッピー
31%
合併号 らむ屋敷
31%
可能性の獣 リックェ
31%
自称・グルメライター 松岡
30%
甘党 かとみ
28%
選挙カー瀕死の旋律 インターネット性善説ドラゴン
27%
地獄のミサワ
27%
天然パーマの見方 まきのゆうき
27%
スマブラ見てるやつ スマ見
25%
荒川区2060% おおきち
23%
例のあの人 カメントツ
23%
温室育ち ニャロメロン
23%
記録員 鬼谷
22%
架空女児 じょじむら
22%
男子高校生大好き 地球のお魚ぽんちゃん
22%
仏頂面 天野アマゾネス
20%
猫を飼うぞ 犬岡う蔵
20%
クイズ王 ショルダー肩美
20%
俺よ届け たかや
20%
男性 どろり
20%
がっしりめな体格 橋本ライドン
20%
オモコロスタッフ 小野ほりでい
19%
いぼ痔 逆襲
19%
気合だけはある ざわ
19%
たばね
17%
YO!YO!YO!×3 髭面大魔神ラッパー
17%
わさびごっくん 室木おすし
17%
夢顎んく
17%
鼻炎 キューライス
16%
局部 ディッくん
16%
なにわの 凸ノ
16%
例のヤツ、略して のやつ
16%
やるなら今しかねぇ 柳田
16%
今週のおすすめ 加味條
14%
クソダルマ ナクヤムパンリエッタ
14%
でかい マッキン
14%
戦姫絶唱 りきすい
14%
日記病 zukkini
14%
かかってこいよ あらいはま
13%
THEなんでもあり うないいちどう
13%
逆子 岡田悠
13%
刮目せよ、無際限の愛。 愛のサダ
11%
穏便派 店長
11%
牛さん 鎧坂
11%
ボンバーマン あいた
9%
工作魂 アルゴンらんぷ
9%
冨永愛 神田
9%
迷惑 ポテチ光秀
9%
人であり、恐竜である ありふれた平凡なドラマティック
8%
退化したニート 長イキアキヒコ
8%
でんでんでんでん伝説の男 野木へっぺん
8%
フィールドオブ ビュー
8%
怪獣 ぺんぎん
8%
鼻ミゾ職人 マキゾウ
8%
笑っていいとも! JET
8%
クズよし 鴻池剛
6%
地方民 ナ月
6%
ゆばの星座 ゆば座
6%
人生2機目 オケモト
5%
オモロコンドルにさらわれた男 城戸
5%
段差注意 寺悠迅
5%
全匹笑顔のしらす丼 酉ガラ
5%
スクスク 宮本牛乳
5%
私は貴方の走馬灯の輝きの一つ dtcn
5%
再チャレンジ けん
3%
二段ベット経験者 シュゴウ
3%
形から入るタイプです 田中三友
3%
早口 戸部マミヤ
3%
コンボイに魅せられた男に魅せられた男 藤原 仁
3%
天然温泉オモロの湯 めいと
3%
大福 めごちも
3%
電撃・稲妻・熱風 山下ラジ男
3%
棒ティッシュ 石垣りょう
2%
ようかい えだんぬ
2%
照れ屋 オグラホロ
2%
生きてた 河野別荘地
2%
ほんわかパタパタ 小山健
2%
猫と暮らしたい サイトウマド
2%
うるう日生まれ 白湯白かばん
2%
パッチテストで酷くかぶれるタイプ ぞうむしプロ
2%
細身 寺田大熊猫楠
2%
耐久度120% はじめ
2%
ハムスター海王 ビタパン
2%
色黒 ほづみみずほ
2%
よろしくおねがいします 増田薫
2%
お前のことが、好きや… 森なつめ
2%
うおおお! てらおか現象
0%
みちのく思考のジャングルジム はらつかう
0%
寝すぎ 氷山
0%
暮らし手 びわ原
0%
お仏壇からトランスフォーム 宮川サトシ
0%
愛嬌 メイシー
0%
ルルルの精神 桃瀬ガンジィ
0%
ゴールドキウイ dolly
0%
山の生き物 nezutako
0%
No matching quizzes found
Score Distribution
Percent of People with Each Score
Percentile by Number Answered
Your Score History
You have not taken this quiz since the last reset